| 000 | 00764nab a2200277 a 4500 | ||
|---|---|---|---|
| 001 | 62131 | ||
| 003 | 134418 | ||
| 005 | 20201118105910.0 | ||
| 008 | ||||||n9999 ||| || || | ||
| 041 | _aspa | ||
| 100 | _aFonnegra, Clara | ||
| 245 | 0 |
_aLa proteccion de los derechos humanos : _bcomo fundamento de la democracia |
|
| 260 |
_aBogotá : _bDefensoría del Pueblo, _c1995. |
||
| 300 | _app.4-7 | ||
| 562 | _e0 | ||
| 650 | _aANALISIS SITUACIONAL | ||
| 650 | _aCOLOMBIA | ||
| 650 | _aDEMOCRACIA SOCIAL | ||
| 650 | _aDERECHOS HUMANOS | ||
| 650 | _aEDUCACIÓN PARA LA PAZ | ||
| 650 | _aIGUALDAD DE DERECHOS | ||
| 650 | _aLIBERTAD DE PALABRA | ||
| 650 | _aPROTECCIÓN DE LOS DERECHOS | ||
| 773 |
_060327 _aSu defensor - No.29 |
||
| 942 | _cSART | ||
| 999 |
_c62131 _d62131 |
||